<?xml version="1.0" encoding="UTF-8"?>
<record
    xmlns:xsi="http://www.w3.org/2001/XMLSchema-instance"
    xsi:schemaLocation="http://www.loc.gov/MARC21/slim http://www.loc.gov/standards/marcxml/schema/MARC21slim.xsd"
    xmlns="http://www.loc.gov/MARC21/slim">

  <leader>00863nam a2200193 i 4500</leader>
  <controlfield tag="001">83810</controlfield>
  <controlfield tag="003">ES-MaACL</controlfield>
  <controlfield tag="005">20250831063035.0</controlfield>
  <controlfield tag="007">t|</controlfield>
  <controlfield tag="008">041118m19141919sp           ||||1| spa d</controlfield>
  <datafield tag="100" ind1="1" ind2=" ">
    <subfield code="a">Ispizua, Segundo de,</subfield>
    <subfield code="d">1869-1924</subfield>
    <subfield code="9">65593</subfield>
  </datafield>
  <datafield tag="245" ind1="1" ind2="0">
    <subfield code="a">Historia de los vascos en el descubrimiento, conquista y civilizaci&#xF3;n de Am&#xE9;rica / </subfield>
    <subfield code="c">Segundo de Ispizua.</subfield>
  </datafield>
  <datafield tag="260" ind1=" " ind2=" ">
    <subfield code="a">Bilbao : </subfield>
    <subfield code="b">[s.n., </subfield>
    <subfield code="c">1914-19 (</subfield>
    <subfield code="f">Jos&#xE9; B. de Lerchindi)</subfield>
  </datafield>
  <datafield tag="300" ind1=" " ind2=" ">
    <subfield code="a">6 v. ; </subfield>
    <subfield code="c">19 cm.</subfield>
  </datafield>
  <datafield tag="500" ind1=" " ind2=" ">
    <subfield code="a">Desde el V. III se publica con el t&#xED;t. "Los vascos en Am&#xE9;rica: historia de Am&#xE9;rica.</subfield>
  </datafield>
  <datafield tag="505" ind1="8" ind2=" ">
    <subfield code="a">Contiene: T. I: Descubrimiento de Am&#xE9;rica. -- T. II: Descubrimiento y conquista de M&#xE9;xico. -- T. III: Panam&#xE1;: conquista y colonizaci&#xF3;n. Per&#xFA;: descubrimientos y conquista. -- T. IV: Venezuela</subfield>
  </datafield>
  <datafield tag="852" ind1=" " ind2=" ">
    <subfield code="a">ES-MaACL</subfield>
    <subfield code="j">F-5890-95</subfield>
  </datafield>
  <datafield tag="999" ind1=" " ind2=" ">
    <subfield code="c">83810</subfield>
    <subfield code="d">83810</subfield>
  </datafield>
  <datafield tag="952" ind1=" " ind2=" ">
    <subfield code="0">0</subfield>
    <subfield code="1">0</subfield>
    <subfield code="4">0</subfield>
    <subfield code="7">0</subfield>
    <subfield code="a">ATENEOM</subfield>
    <subfield code="b">ATENEOM</subfield>
    <subfield code="c">DEPO2</subfield>
    <subfield code="d">2008-01-17</subfield>
    <subfield code="e">SC</subfield>
    <subfield code="l">0</subfield>
    <subfield code="o">F-5890-95</subfield>
    <subfield code="p">1087590</subfield>
    <subfield code="r">2023-02-23 00:00:00</subfield>
    <subfield code="w">2023-02-23</subfield>
    <subfield code="y">MONOGRAFIA</subfield>
  </datafield>
</record>
